| 000 | 01141cam a2200337 a 4500 | ||
|---|---|---|---|
| 999 |
_c5495 _d5495 |
||
| 001 | 650597 | ||
| 003 | GZU | ||
| 005 | 20210407103511.0 | ||
| 008 | 930604s1991 rh a j 000 0 eng c | ||
| 010 | _a 93980028 | ||
| 020 | _a0908311303 | ||
| 040 |
_aDLC/CtY _cCtY _dDLC |
||
| 042 |
_alcnccp _alcac |
||
| 043 | _af-rh--- | ||
| 050 | 0 | 4 |
_aPZ8.1 MUN 1991 _bOn 1991 |
| 082 | 0 | 0 |
_a398.2/089963975 _220 |
| 100 | 1 |
_aMungoshi, Charles, _d1947- |
|
| 245 | 1 | 0 |
_aOne day, long ago : _bmore stories from a Shona childhood / _cCharles Mungoshi ; illustrated by Luke Toronga. |
| 260 |
_aHarare : _bBaobab Books, _c1991. |
||
| 300 |
_a62 p. : _bill. (some col.) ; _c25 cm. |
||
| 500 | _aStories | ||
| 600 | _2Stories | ||
| 650 | 0 |
_aShona (African people) _xFolklore. |
|
| 650 | 0 |
_aTales _zZimbabwe. |
|
| 650 | 1 |
_aShona (African people) _xFolklore. |
|
| 650 | 1 |
_aFolklore _zZimbabwe. |
|
| 700 | 1 |
_aToronga, Luke, _eill. |
|
| 906 |
_a7 _bcbc _cnccpada _d2 _encip _f19 _gy-gencatlg |
||
| 942 |
_2lcc _cBK _h8.1 _iMUN _kPZ |
||